Colectividades y revolución social (Record no. 32230)

MARC details
000 -LEADER
campo de control de longitud fija 00540nam a2200157 i 4500
001 - NÚMERO DE CONTROL
campo de control 32230
003 - IDENTIFICADOR DE NÚMERO DE CONTROL
campo de control ES-MaACL
007 - CAMPO FIJO DE DESCRIPCIÓN FÍSICA--INFORMACIÓN GENERAL
campo de control de longitud fija t|
008 - DATOS DE LONGITUD FIJA--INFORMACIÓN GENERAL
campo de control de longitud fija 030130s1982 sp ||||1| spa d
100 1# - ENTRADA PRINCIPAL--NOMBRE DE PERSONA
Nombre de persona Bernecker, Walther L.
9 (RLIN) 28311
245 10 - MENCIÓN DEL TÍTULO
Título Colectividades y revolución social
Resto del título : el anarquismo en la guerra civil española, 1936-1939 /
Mención de responsabilidad, etc. Walther L. Bernecker ; traducción de Gustau Muñoz.
260 ## - PUBLICACIÓN, DISTRIBUCIÓN, ETC.
Lugar de publicación, distribución, etc. Barcelona :
Nombre del editor, distribuidor, etc. Crítica,
Fecha de publicación, distribución, etc. [1982]
300 ## - DESCRIPCIÓN FÍSICA
Extensión 524 p. ;
Dimensiones 20 cm.
700 1# - ENTRADA AGREGADA--NOMBRE PERSONAL
Nombre de persona Muñoz, Gustau.
9 (RLIN) 84309
852 ## - LOCALIZACIÓN
Ubicación ES-MaACL
Número de control de estantería L-4574
Sublocalización o colección R.105143
Holdings
Estatus retirado Estado de pérdida Estado de daño No para préstamo Biblioteca de origen Biblioteca actual Ubicación en estantería Fecha de adquisición Fuente de adquisición Total de préstamos Signatura topográfica completa Código de barras Visto por última vez Precio de reemplazo Tipo de ítem Koha
        Biblioteca del Ateneo de Madrid Biblioteca del Ateneo de Madrid Depósito 2 17/01/2008     L-4574 1033367 23/02/2023 23/02/2023 Libro impreso